[Event "Agneaux St Lo op"]
[Site "Agneaux"]
[Date "2022.07.12"]
[Round "6"]
[White "Bosquet, Charles"]
[Black "Sauneuf, Dany"]
[Result "1-0"]
[WhiteElo "1213"]
[BlackElo "1253"]
[PlyCount "35"]
[EventDate "2022.07.09"]
[EventType "swiss"]
[EventRounds "9"]
[EventCountry "FRA"]
[SourceTitle "EXT 2023"]
[Source "ChessBase"]
[SourceDate "2022.10.05"]
[SourceVersion "1"]
[SourceVersionDate "2022.10.05"]
[SourceQuality "1"]

1. e4 e6 2. d4 d5 3. e5 c5 4. c3 Qb6 5. Nf3 Nc6 6. Be2 Nge7 7. Na3 a6 8. 0-0 cxd4 9. cxd4 Nf5 10. Nc2 Be7 11. b3 Bd7 12. Bb2 0-0 13. Bd3 Nh4 14. Nxh4 Bxh4 15. Qh5 h6 16. Qxh4 Rac8 17. Bc1 Ne7 18. Qxe7 1-0